000
00258nam a2200109Ia 4500
008
220204s9999 xx 000 0 und d
082
_a
929 A/Z(BEE)
_b
SOL
100
_a
Solomon, Maynard
245
0
_a
Beethoven
260
_a
London
_b
Cassell
_c
1977
942
_c
BK
999
_c
34698
_d
34698